|
|
|
|
| LEADER |
01168nam a2200289 a 4500 |
| 001 |
c000150207 |
| 003 |
CARM |
| 005 |
00000000000000.0 |
| 008 |
820303s1983 njua b 00110 eng |
| 019 |
1 |
|
|a 2192381
|z 12406731
|5 LACONCORD2021
|
| 020 |
|
|
|a 0136273645
|
| 035 |
|
|
|a (OCoLC)8282803
|5 LACONCORD2021
|
| 050 |
0 |
0 |
|a TA347.B69
|b K8 1983
|
| 082 |
0 |
0 |
|a 515.3/5
|2 19
|
| 100 |
1 |
|
|a Kubicek, M.
|q (Milan)
|
| 245 |
1 |
0 |
|a Numerical solution of nonlinear boundary value problems with applications /
|c Milan Kubicek and Vladimir Hlavacek.
|
| 260 |
|
|
|a Englewood Cliffs, N.J. :
|b Prentice-Hall,
|c c1983.
|
| 300 |
|
|
|a x, 323 p. :
|b ill. ;
|c 24 cm.
|
| 440 |
|
|
|a Prentice-Hall international series in the physical and chemical engineering sciences
|
| 500 |
|
|
|a Includes index.
|
| 504 |
|
|
|a Bibliography: p. 318-319.
|
| 650 |
|
0 |
|a Nonlinear boundary value problems.
|
| 650 |
|
0 |
|a Numerical calculations.
|
| 700 |
1 |
|
|a Hlavacek, Vladimir.
|
| 852 |
8 |
|
|b CARM
|h A2:AG01E0
|i C01429
|p 0079779
|f BK
|
| 999 |
f |
f |
|i 17fbb0ec-814a-595d-be8e-d6b9e4e0fec4
|s e21216ce-c902-51ed-94fa-a719bebe4f46
|
| 952 |
f |
f |
|p Can circulate
|a CAVAL
|b CAVAL
|c CAVAL
|d CARM 1 Store
|e C01429
|f A2:AG01E0
|h Other scheme
|i book
|m 0079779
|